Enciclopedia universal de transistores : características y reemplazos=Universal encyclopedia of transistors : characteristics and replacements /
Guardado en:
| Autor Principal: | |
|---|---|
| Formato: | Libro |
| Idioma: | Spanish English |
| Publicado: |
Buenos Aires :
Hispano Americana (HASA),
1988.
|
| Materias: | |
| Etiquetas: |
Agregar Etiqueta
Sin Etiquetas, Sea el primero en etiquetar este registro!
|
| LEADER | 00824nam a22001935a 4500 | ||
|---|---|---|---|
| 001 | EIQ.libpla003984 | ||
| 008 | 080422s1988####ag#######e####000#0#spa#d | ||
| 005 | 20080422185436.0 | ||
| 245 | 1 | 0 | |a Enciclopedia universal de transistores : |b características y reemplazos=Universal encyclopedia of transistors : characteristics and replacements / |c Andres Maccelli. |
| 260 | |a Buenos Aires : |b Hispano Americana (HASA), |c 1988. | ||
| 300 | |a v. (en varias paginaciones) ; |c 30 cm. | ||
| 020 | |a 9505280424 | ||
| 100 | 1 | |a Macchelli, Andrés. | |
| 246 | 3 | 1 | |a Universal encyclopedia of transistors : |b characteristics and replacements |
| 650 | 4 | |a Transistores |x Enciclopedia. | |
| 650 | 4 | |a Transistores |x Encylopedia. | |
| 040 | |a AR-BbSID |b spa |c AR-BbSID | ||
| 041 | 1 | |a spa |a eng | |
| 859 | |a AR-BbSID |b BIB. PLAPIQUI |h 621.380 |i M 28 |p 3705 |v M 28 Vol. 2 |3 Vol. 2 | ||
